000 00366nam a2200145 i 4500
001 bg
100 1 _aSZULCZYŃSKI, Tadeusz
245 0 _aZbiór przepisów, wzorów i tablic z żelbetnictwa /
_cTadeusz Szulczyński.
250 _aWyd.3.
260 _aGdańsk,
_c1969.
040 _cBPK
041 _apol
942 _cKS
008 s pl f |000 0 pol
999 _c7075
_d7075
856 _uhttp://koha.tu.koszalin.pl/cgi-bin/koha/opac-detail.pl?biblionumber=7075
_yKatalog online BPK